000 00561nam a22001937a 4500
003 BD-DhJNU
005 20250305073640.0
008 250305b |||||||| |||| 00| 0 eng d
020 _a9780140138344
040 _aBD-DhJNU
_bENG
_cBD-DhJNU
_dBD-DhJNU
082 _223
_a301
100 _aAron, Raymond
245 _aMain currents in sociological thought /
_cRaymond Aron
260 _aLondon:
_bPenguin Books,
_c1990.
300 _a284 p. :
_c20 cm.
504 _aincludes bibliographical reference and index
650 _aSocial Sciences
942 _2ddc
_cBK
_n0
999 _c1449
_d1449